|
|
|
|
| LEADER |
00000nbm0a2200000 4500 |
| 001 |
37840 |
| 005 |
20231031004500.0 |
| 035 |
|
|
|a (RuTPU)RU\TPU\book\38432
|
| 090 |
|
|
|a 37840
|
| 100 |
|
|
|a 20020131d2001 k y0rusy50 ca
|
| 101 |
0 |
|
|a rus
|
| 102 |
|
|
|a RU
|
| 105 |
|
|
|a a m 001zy
|
| 200 |
1 |
|
|a Теплообмен при кипении на трубах разной ориентации в зернистом слое
|e диссертация на соискание ученой степени кандидата технических наук: 05.14.04
|f Е. Ю. Старикова
|g Кузбасский государственный технический университет; Научн. рук.: П. Т. Петрик
|
| 210 |
|
|
|a Кемерово
|d 2001
|
| 215 |
|
|
|a 110 л.
|c ил.
|
| 320 |
|
|
|a Библиогр.: с. 75-83
|
| 610 |
1 |
|
|a теплотехника
|
| 610 |
1 |
|
|a теплообмен
|
| 610 |
1 |
|
|a трубы
|
| 610 |
1 |
|
|a кипение
|
| 610 |
1 |
|
|a зернистый слой
|
| 610 |
1 |
|
|a хладон
|
| 610 |
1 |
|
|a оборудование
|
| 610 |
1 |
|
|a диссертации
|
| 675 |
|
|
|a 621.1.016.4(04)
|v 3
|
| 686 |
|
|
|a 05.14.04
|v LBC/SL-A
|2 rubbk
|
| 700 |
|
1 |
|a Старикова
|b Е. Ю.
|g Елена Юрьевна
|
| 702 |
|
1 |
|a Петрик
|b П. Т.
|g Павел Трофимович
|4 727
|
| 712 |
0 |
2 |
|a Кузбасский государственный технический университет
|
| 801 |
|
1 |
|a RU
|b 63413507
|c 20020131
|g PSBO
|
| 801 |
|
2 |
|a RU
|b 63413507
|c 20190402
|g PSBO
|
| 942 |
|
|
|c BK
|